Quick Pick: Countries in French Quiz Stats

 Plays Quiz Updated Apr 5, 2018

Challenge
Share
Tweet
Embed
Score 0/12 Timer 01:00
0 Plays Today
% Correct
l'Autriche
97.2%
le Cambodge
97.2%
les Émirats arabes unis
97.1%
l'Équateur
96.9%
le Koweït
96.8%
la Biélorussie
96.5%
le Tchad
96.2%
l'Érythrée
95.8%
la Lettonie
93.6%
les Îles Salomon
93.5%
l'Allemagne
92.6%
les Pays-Bas
85.6%

Today's Daily Dose

Word Ladder
Anchorman

Get the Picture
'Head' Bands

You're not logged in!

Compare scores with friends on all Sporcle quizzes.
OR
Log In

You Might Also Like...

Show Comments

Extras

Top Quizzes Today


Score Distribution

Your Account Isn't Verified!

In order to create a playlist on Sporcle, you need to verify the email address you used during registration. Go to your Sporcle Settings to finish the process.

Report this User

Report this user for behavior that violates our Community Guidelines.

Details: